Podnikateľský plán ako podklad získania finančných prostriedkov diplomová práca
Guardado en:
| Autor principal: | |
|---|---|
| Autor Corporativo: | |
| Otros Autores: | |
| Formato: | Libro |
| Lenguaje: | eslovaco |
| Publicado: |
Bratislava
2010
|
| Etiquetas: |
Sin Etiquetas, Sea el primero en etiquetar este registro!
|
MARC
| LEADER | 00000nam a2200000 4500 | ||
|---|---|---|---|
| 001 | 0122451 | ||
| 005 | 20240318123112.9 | ||
| 041 | 0 | |a slo | |
| 044 | |a SK | ||
| 245 | 1 | 0 | |a Podnikateľský plán ako podklad získania finančných prostriedkov |b diplomová práca |c Zuzana Senešiová ; škol. Daniela Rybárová |
| 264 | 1 | |a Bratislava |c 2010 | |
| 300 | |a 91 s. | ||
| 100 | 1 | |a Senešiová, Zuzana | |
| 700 | 1 | |a Rybárová, Daniela, 1967- | |
| 710 | 2 | |a Ekonomická univerzita v Bratislave. Fakulta podnikového manažmentu | |